Teorías e historia de la arquitectura (Record no. 128414)
[ view plain ]
| 000 -LEADER | |
|---|---|
| campo de control de longitud fija | 00779nam a2200241 i 4500 |
| 001 - NÚMERO DE CONTROL | |
| campo de control | 128414 |
| 003 - IDENTIFICADOR DE NÚMERO DE CONTROL | |
| campo de control | ES-MaACL |
| 005 - FECHA Y HORA DE LA ÚLTIMA TRANSACCIÓN | |
| campo de control | 20240229183436.0 |
| 007 - CAMPO FIJO DE DESCRIPCIÓN FÍSICA--INFORMACIÓN GENERAL | |
| campo de control de longitud fija | t| |
| 008 - DATOS DE LONGITUD FIJA--INFORMACIÓN GENERAL | |
| campo de control de longitud fija | 070510s1972 sp ||||1| spa d |
| 080 ## - NÚMERO DE LA CLASIFICACIÓN DECIMAL UNIVERSAL | |
| Número de la Clasificación Decimal Universal | 72.01 |
| 080 ## - NÚMERO DE LA CLASIFICACIÓN DECIMAL UNIVERSAL | |
| Número de la Clasificación Decimal Universal | 72(091) |
| 100 1# - ENTRADA PRINCIPAL--NOMBRE DE PERSONA | |
| Nombre de persona | Tafuri, Manfredo. |
| 9 (RLIN) | 109061 |
| 245 10 - MENCIÓN DEL TÍTULO | |
| Título | Teorías e historia de la arquitectura |
| Resto del título | : (hacia una nueva concepción del espacio arquitectónico) / |
| Mención de responsabilidad, etc. | Manfredo Tafuri ; [versión de Martí Capdevila y Sebastiá Janeras]. |
| 250 ## - MENCION DE EDICION | |
| Mención de edición | 1ª ed. |
| 260 ## - PUBLICACIÓN, DISTRIBUCIÓN, ETC. | |
| Lugar de publicación, distribución, etc. | Barcelona : |
| Nombre del editor, distribuidor, etc. | Laia, |
| Fecha de publicación, distribución, etc. | [1972] |
| 300 ## - DESCRIPCIÓN FÍSICA | |
| Extensión | 287 p. : |
| Otras características físicas | il. ; |
| Dimensiones | 21 cm. |
| 650 14 - PUNTO DE ACCESO ADICIONAL DE MATERIA--TÉRMINO DE MATERIA | |
| Término de materia o nombre geográfico como elemento de entrada | Arquitectura |
| 9 (RLIN) | 9986 |
| 700 1# - ENTRADA AGREGADA--NOMBRE PERSONAL | |
| Nombre de persona | Capdevila, Martí. |
| 9 (RLIN) | 34797 |
| 700 1# - ENTRADA AGREGADA--NOMBRE PERSONAL | |
| Nombre de persona | Janeras, Sebastiá. |
| 9 (RLIN) | 66010 |
| 852 ## - LOCALIZACIÓN | |
| Ubicación | ES-MaACL |
| Número de control de estantería | C-43801 |
| Sublocalización o colección | R.82786 |
| Estatus retirado | Estado de pérdida | Estado de daño | No para préstamo | Biblioteca de origen | Biblioteca actual | Ubicación en estantería | Fecha de adquisición | Fuente de adquisición | Total de préstamos | Signatura topográfica completa | Código de barras | Visto por última vez | Precio de reemplazo | Tipo de ítem Koha |
|---|---|---|---|---|---|---|---|---|---|---|---|---|---|---|
| Biblioteca del Ateneo de Madrid | Biblioteca del Ateneo de Madrid | Depósito 2 | 17/01/2008 | C-43801 | 1133743 | 23/02/2023 | 23/02/2023 | Libro impreso |
